• 首页
  • 本馆介绍
  • 公告通知
  • 最新文献
  • 馆藏检索
  • 电子资源
  • 读者导购
  • 参考咨询
  • 我的图书馆
  • 登录
  • 详细信息显示
  • 放入我的书架
  • 预约/预借图书
  • 作者相关作品
  • 分类相关作品
  • 丛书相关作品
  • 出版社相关作品

书目信息

  • 表格格式
  • 工作单格式
  • 卡片格式
题名:
刑法效力问题研究
    
 
作者: 李富友 著
分册:  
出版信息: 北京   光明日报出版社  2012
页数: 234页
开本: 24cm
丛书名:
单 册:
中图分类: D914.04
科图分类:
主题词: 刑法--法律效力--研究 , 刑法 , 法律效力
电子资源:
ISBN: 978-7-5112-3003-4
000 00944nam0 22002651 450
001 523
005 20140905102842.35
010    @a978-7-5112-3003-4@dCNY46.00
100    @a20121119d2012 em y0chiy50 ea
101 0  @achi
102    @aCN@b110000
105    @ay z 000yy
106    @ar
200 1  @a刑法效力问题研究@AXing Fa Xiao Li Wen Ti Yan Jiu@dResearch on the validity of criminal law@f李富友著@FLi Fu You Zhu@zeng
210    @a北京@c光明日报出版社@d2012
215    @a234页@d24cm
330    @a本书从法律效力的基础理论出发,在界定了刑法效力的概念与特征,探讨了刑法效力的根据之后,以法律体系与法律渊源为背景,多层次,多角度探讨了刑法效力的相关问题。
510 1  @aResearch on the validity of criminal law@zeng
606 0  @a刑法@x法律效力@x研究
606 0  @a刑法
606 0  @a法律效力
690    @aD914.04@v5
701  0 @a李富友@ALi Fu You@f(1966~)@4著
801  0 @aCN@bTANGWEI@c20140603
905    @b0837132-34@dD914.04@e546@f3
    
    刑法效力问题研究=Research on the validity of criminal law/李富友著.-北京:光明日报出版社,2012
    234页;24cm
    
    
    ISBN 978-7-5112-3003-4:CNY46.00
    本书从法律效力的基础理论出发,在界定了刑法效力的概念与特征,探讨了刑法效力的根据之后,以法律体系与法律渊源为背景,多层次,多角度探讨了刑法效力的相关问题。
●
相关链接 在E读中查询图书 在五车中查询图书 在当当中查询图书 在豆瓣中查询图书


正题名:刑法效力问题研究     索取号:D914.04/546         预约/预借

序号 登录号 条形码 馆藏地/架位号 状态 备注
1 0837132   208371322   第一样本阅览室/ [索取号:D914.04/546] 在馆    
2 0837133   208371331   密集书库-史法系/ [索取号:D914.04/546] 在馆    
3 0837134   208371340   第一借阅区/ [索取号:D914.04/546] 在馆    
唐山师范学院图书馆 欢迎您!
大连网信软件有限公司© 版权所有